| 000 | 00951nam a22001937a 4500 | ||
|---|---|---|---|
| 999 |
_c60368 _d60368 |
||
| 003 | Ge_BSU | ||
| 005 | 20230705173653.0 | ||
| 008 | 230705s1982ge xxu||||| |||| 00| 0 geo d | ||
| 041 | _ageo | ||
| 080 | _a903.5(479.22) გ-14 | ||
| 100 |
_aგაგოშიძე, ი. _94178 |
||
| 245 |
_aთრიალეთის სამაროვნები : _bკატალოგი. ტ. 3, ანტიკური ხანის სამაროვნები / _c ი. გაგოშიძე . |
||
| 264 |
_aთბილისი : _bმეცნიერება, _c1982. |
||
| 300 |
_a118 გვ. : _b5 ფ. ილ. _c23 სმ. |
||
| 546 | _aპარალ. ტექსტი რუს. | ||
| 653 | _aსამარხები საქართველოში | ||
| 710 |
_aს. ჯანაშიას სახ. საქართველოს სახელმწიფო მუზეუმი. _919175 |
||
| 942 |
_2udc _cBK |
||